[Event "Chess Week in Przeworsk"]
[Site "Przeworsk"]
[Date "2022.05.30"]
[Round "1.1"]
[White "Neugebauer, Martin"]
[Black "Stefansson, Hannes"]
[Result "1/2-1/2"]
[BlackElo "2534"]
[WhiteElo "2505"]
[LiveChessVersion "1.4.8"]

1. e4 {[%clk 1:30:30]} e5 {[%clk 1:30:26]} 2. Nf3 {[%clk 1:31:06]} Nc6
{[%clk 1:30:36]} 3. d4 {[%clk 1:30:10]} exd4 {[%clk 1:30:53]} 4. Nxd4
{[%clk 1:30:34]} Nf6 {[%clk 1:31:03]} 5. Nxc6 {[%clk 1:30:42]} bxc6
{[%clk 1:31:26]} 6. Bd3 {[%clk 1:30:57]} d5 {[%clk 1:27:41]} 7. exd5
{[%clk 1:31:07]} cxd5 {[%clk 1:27:38]} 8. O-O {[%clk 1:31:09]} Be7
{[%clk 1:27:07]} 9. c4 {[%clk 1:30:51]} O-O {[%clk 1:24:05]} 10. Nc3
{[%clk 1:30:24]} Be6 {[%clk 1:15:44]} 11. cxd5 {[%clk 1:25:23]} Nxd5
{[%clk 1:16:00]} 12. Nxd5 {[%clk 1:24:11]} Bxd5 {[%clk 1:15:40]} 13. Qc2
{[%clk 1:23:10]} h6 {[%clk 1:15:49]} 14. Rd1 {[%clk 1:20:15]} c6 {[%clk 1:09:54]}
15. Bc4 {[%clk 1:13:00]} Bf6 {[%clk 1:09:14]} 16. Be3 {[%clk 1:11:36]} Qa5
{[%clk 1:06:15]} 17. Rab1 {[%clk 0:56:24]} Rfb8 {[%clk 1:05:01]} 18. Bf4
{[%clk 0:41:20]} Re8 {[%clk 0:53:58]} 19. b4 {[%clk 0:36:36]} Qa3
{[%clk 0:52:01]} 20. Bc1 {[%clk 0:27:29]} Qc3 {[%clk 0:50:24]} 21. Qxc3
{[%clk 0:27:27]} Bxc3 {[%clk 0:50:47]} 22. Bxd5 {[%clk 0:27:48]} cxd5
{[%clk 0:51:11]} 23. Be3 {[%clk 0:27:52]} Re4 {[%clk 0:49:58]} 24. Bc5
{[%clk 0:22:38]} Rc8 {[%clk 0:33:12]} 25. a3 {[%clk 0:07:43]} a5 {[%clk 0:33:14]}
26. f3 {[%clk 0:07:25]} Rc4 {[%clk 0:31:39]} 27. Rxd5 {[%clk 0:06:55]} axb4
{[%clk 0:31:58]} 28. axb4 {[%clk 0:06:03]} Rb8 {[%clk 0:32:01]} 29. Bd6
{[%clk 0:04:15]} Rd8 {[%clk 0:30:29]} 30. Rbd1 {[%clk 0:01:13]} Bxb4
{[%clk 0:30:31]} 31. Bxb4 {[%clk 0:01:36]} Rxd5 {[%clk 0:30:56]} 32. Rxd5
{[%clk 0:02:02]} Rxb4 {[%clk 0:31:21]} 1/2-1/2

[Event "Chess Week in Przeworsk"]
[Site "Przeworsk"]
[Date "2022.05.30"]
[Round "1.3"]
[White "Licznerski, Lukasz"]
[Black "Omelja, Artem"]
[Result "1-0"]
[BlackElo "2515"]
[WhiteElo "2439"]
[LiveChessVersion "1.4.8"]

1. e4 {[%clk 1:30:55]} e5 {[%clk 1:30:52]} 2. Nf3 {[%clk 1:31:03]} Nc6
{[%clk 1:31:14]} 3. Bb5 {[%clk 1:31:20]} Nf6 {[%clk 1:31:21]} 4. d3
{[%clk 1:28:19]} Bc5 {[%clk 1:31:29]} 5. c3 {[%clk 1:27:00]} O-O {[%clk 1:31:04]}
6. O-O {[%clk 1:25:04]} d6 {[%clk 1:30:55]} 7. Nbd2 {[%clk 1:24:22]} a6
{[%clk 1:27:24]} 8. Ba4 {[%clk 1:23:51]} b5 {[%clk 1:26:06]} 9. Bb3
{[%clk 1:17:17]} Bb6 {[%clk 1:23:09]} 10. h3 {[%clk 1:16:12]} Ne7
{[%clk 1:21:42]} 11. Re1 {[%clk 1:14:48]} Ng6 {[%clk 1:19:52]} 12. Nf1
{[%clk 1:15:15]} h6 {[%clk 1:19:03]} 13. Ng3 {[%clk 1:05:51]} Be6
{[%clk 1:18:07]} 14. Bxe6 {[%clk 1:03:59]} fxe6 {[%clk 1:18:29]} 15. a4
{[%clk 0:54:11]} Rb8 {[%clk 1:17:22]} 16. b4 {[%clk 0:43:19]} c5 {[%clk 1:06:05]}
17. Qb3 {[%clk 0:40:31]} Qd7 {[%clk 1:05:32]} 18. axb5 {[%clk 0:39:16]} axb5
{[%clk 1:05:48]} 19. Be3 {[%clk 0:38:24]} cxb4 {[%clk 1:05:16]} 20. Qxb4
{[%clk 0:35:46]} Bxe3 {[%clk 1:05:18]} 21. Rxe3 {[%clk 0:35:38]} Ne7
{[%clk 1:02:02]} 22. d4 {[%clk 0:33:55]} Nc6 {[%clk 1:01:08]} 23. Qb3
{[%clk 0:33:55]} exd4 {[%clk 0:59:10]} 24. cxd4 {[%clk 0:30:55]} b4
{[%clk 0:58:20]} 25. d5 {[%clk 0:23:27]} exd5 {[%clk 0:58:27]} 26. exd5
{[%clk 0:23:00]} Ne7 {[%clk 0:57:53]} 27. Re6 {[%clk 0:18:26]} Rf7
{[%clk 0:54:22]} 28. Ra6 {[%clk 0:18:03]} Nexd5 {[%clk 0:51:36]} 29. Raxd6
{[%clk 0:16:17]} Qb7 {[%clk 0:50:54]} 30. Ne2 {[%clk 0:08:07]} Kh7
{[%clk 0:45:56]} 31. Ne5 {[%clk 0:07:37]} Re7 {[%clk 0:46:11]} 32. Rxe7
{[%clk 0:05:30]} Qxe7 {[%clk 0:46:30]} 33. Rxd5 {[%clk 0:05:28]} Nxd5
{[%clk 0:45:19]} 34. Qd3+ {[%clk 0:05:46]} 1-0

[Event "Chess Week in Przeworsk"]
[Site "Przeworsk"]
[Date "2022.05.30"]
[Round "1.4"]
[White "Baum, Jonasz"]
[Black "Fus, Jakub"]
[Result "1/2-1/2"]
[BlackElo "2378"]
[WhiteElo "2409"]
[LiveChessVersion "1.4.8"]

1. d4 {[%clk 1:30:57]} Nf6 {[%clk 1:30:37]} 2. c4 {[%clk 1:31:16]} e6
{[%clk 1:30:43]} 3. Nf3 {[%clk 1:31:30]} d5 {[%clk 1:30:03]} 4. Nc3
{[%clk 1:31:36]} Bb4 {[%clk 1:30:09]} 5. Qa4+ {[%clk 1:31:39]} Nc6
{[%clk 1:30:30]} 6. a3 {[%clk 1:32:01]} Bxc3+ {[%clk 1:30:24]} 7. bxc3
{[%clk 1:32:29]} Ne4 {[%clk 1:29:12]} 8. e3 {[%clk 1:31:57]} Nxc3
{[%clk 1:29:00]} 9. Qc2 {[%clk 1:32:22]} Ne4 {[%clk 1:29:24]} 10. Bd3
{[%clk 1:32:46]} Nd6 {[%clk 1:29:26]} 11. c5 {[%clk 1:33:02]} Ne4
{[%clk 1:27:23]} 12. Bxe4 {[%clk 1:23:29]} dxe4 {[%clk 1:27:44]} 13. Qxe4
{[%clk 1:23:55]} Qd5 {[%clk 1:21:16]} 14. Qf4 {[%clk 1:05:44]} Qc4 15. Bd2 O-O
{[%clk 0:54:37]} 16. Qxc7 {[%clk 1:03:24]} f6 {[%clk 0:42:43]} 17. Rc1
{[%clk 0:55:55]} Qd3 {[%clk 0:35:30]} 18. Rc3 {[%clk 0:51:19]} Qb1+
{[%clk 0:32:04]} 19. Bc1 {[%clk 0:47:27]} Qa1 {[%clk 0:32:28]} 20. Rc4
{[%clk 0:39:13]} Qa2 {[%clk 0:32:31]} 21. Nd2 {[%clk 0:34:29]} Rd8
{[%clk 0:31:33]} 22. Qf4 {[%clk 0:23:44]} e5 {[%clk 0:27:39]} 23. Qe4
{[%clk 0:24:13]} f5 {[%clk 0:23:56]} 24. Qc2 {[%clk 0:21:59]} Qxc2
{[%clk 0:24:00]} 25. Rxc2 {[%clk 0:22:27]} exd4 {[%clk 0:24:15]} 26. Nf3
{[%clk 0:20:32]} dxe3 {[%clk 0:23:57]} 27. Bxe3 {[%clk 0:20:40]} Be6
{[%clk 0:21:42]} 28. O-O {[%clk 0:20:16]} Bd5 {[%clk 0:22:03]} 29. Rb2
{[%clk 0:16:45]} Bc4 {[%clk 0:17:23]} 30. Rc1 {[%clk 0:15:49]} Ba6
{[%clk 0:17:21]} 31. h4 {[%clk 0:08:51]} Rd3 {[%clk 0:16:53]} 32. Rd2
{[%clk 0:08:17]} Rxd2 {[%clk 0:14:30]} 33. Bxd2 {[%clk 0:08:19]} Be2
{[%clk 0:14:02]} 34. Rc3 {[%clk 0:04:41]} Rd8 {[%clk 0:14:17]} 35. Bf4
{[%clk 0:04:36]} Bxf3 {[%clk 0:08:35]} 36. Rxf3 {[%clk 0:04:49]} Kf7
{[%clk 0:05:51]} 37. Bd6 {[%clk 0:02:24]} Ke6 {[%clk 0:05:57]} 38. h5
{[%clk 0:02:12]} b5 {[%clk 0:04:35]} 39. Rg3 {[%clk 0:01:53]} Kf7
{[%clk 0:03:44]} 40. Rb3 {[%clk 0:31:24]} a6 {[%clk 0:33:53]} 41. Rf3
{[%clk 0:25:42]} Kf6 {[%clk 0:30:37]} 42. g4 {[%clk 0:21:51]} g6 {[%clk 0:27:20]}
43. hxg6 {[%clk 0:18:33]} hxg6 {[%clk 0:27:45]} 44. gxf5 {[%clk 0:18:39]} gxf5
{[%clk 0:28:05]} 45. Rh3 {[%clk 0:18:50]} Ke6 {[%clk 0:25:27]} 46. Rh6+
{[%clk 0:16:46]} Kd5 {[%clk 0:25:47]} 47. Rf6 {[%clk 0:16:50]} Nd4
{[%clk 0:26:10]} 48. Kf1 {[%clk 0:13:25]} Rd7 {[%clk 0:24:58]} 49. Bf4
{[%clk 0:10:20]} Kxc5 {[%clk 0:20:22]} 50. Rxa6 {[%clk 0:08:24]} Kc4
{[%clk 0:18:23]} 51. Be3 {[%clk 0:08:16]} Nc2 {[%clk 0:17:59]} 52. Rc6+
{[%clk 0:08:25]} Kb3 {[%clk 0:16:57]} 53. Rc5 {[%clk 0:05:58]} Nxe3+
{[%clk 0:15:43]} 54. fxe3 {[%clk 0:06:27]} Rb7 {[%clk 0:16:05]} 55. Rxf5
{[%clk 0:06:18]} Kxa3 {[%clk 0:16:31]} 56. Ke2 {[%clk 0:06:13]} b4
{[%clk 0:16:57]} 57. Kd2 {[%clk 0:05:07]} Kb2 {[%clk 0:17:11]} 58. e4
{[%clk 0:04:54]} b3 {[%clk 0:17:23]} 59. Rd5 {[%clk 0:02:26]} Ka2
{[%clk 0:14:54]} 60. Ra5+ {[%clk 0:02:52]} Kb1 {[%clk 0:15:20]} 61. e5
{[%clk 0:02:54]} Rb6 {[%clk 0:13:31]} 62. Kd1 {[%clk 0:02:47]} b2
{[%clk 0:13:53]} 63. Kd2 {[%clk 0:03:16]} Rb8 {[%clk 0:11:33]} 64. Ra6
{[%clk 0:02:40]} Rb5 {[%clk 0:10:44]} 65. e6 {[%clk 0:03:09]} Rh5
{[%clk 0:06:36]} 66. Kd1 {[%clk 0:03:28]} Rd5+ {[%clk 0:04:07]} 67. Ke2
{[%clk 0:03:57]} Kc2 {[%clk 0:03:56]} 68. Rc6+ {[%clk 0:04:16]} Kb3
{[%clk 0:04:22]} 69. Rb6+ {[%clk 0:04:35]} Kc3 {[%clk 0:04:45]} 70. Rc6+
{[%clk 0:04:23]} Kb3 {[%clk 0:05:08]} 71. Rb6+ {[%clk 0:04:49]} Ka2
{[%clk 0:05:19]} 72. Ra6+ {[%clk 0:04:55]} Kb1 {[%clk 0:05:44]} 73. Rb6
{[%clk 0:02:59]} Rh5 {[%clk 0:05:38]} 74. Kd3 {[%clk 0:01:56]} Kc1
{[%clk 0:03:39]} 75. Kd4 {[%clk 0:02:07]} Rh6 {[%clk 0:03:11]} 76. Kd5
{[%clk 0:02:20]} Rxe6 {[%clk 0:03:37]} 77. Kxe6 {[%clk 0:02:46]} b1=Q 78. Rxb1+
{[%clk 0:03:12]} Kxb1 {[%clk 0:04:29]} 1/2-1/2

[Event "Chess Week in Przeworsk"]
[Site "Przeworsk"]
[Date "2022.05.30"]
[Round "1.5"]
[White "Mikrut, Dariusz"]
[Black "Teclaf, Pawel"]
[Result "0-1"]
[BlackElo "2537"]
[WhiteElo "2361"]
[LiveChessVersion "1.4.8"]

1. d4 {[%clk 1:30:59]} e6 {[%clk 1:30:56]} 2. g3 {[%clk 1:31:16]} Nf6
{[%clk 1:29:08]} 3. Bg2 {[%clk 1:31:38]} Be7 {[%clk 1:26:29]} 4. c4
{[%clk 1:31:47]} O-O {[%clk 1:26:46]} 5. d5 {[%clk 1:31:42]} Na6 {[%clk 1:23:52]}
6. Nf3 {[%clk 1:31:31]} Bb4+ {[%clk 1:13:49]} 7. Bd2 {[%clk 1:29:41]} Qe7
{[%clk 1:13:46]} 8. a3 {[%clk 1:25:46]} Bxd2+ {[%clk 1:11:27]} 9. Nfxd2
{[%clk 1:25:50]} exd5 {[%clk 0:56:53]} 10. cxd5 {[%clk 1:26:10]} Nc5
{[%clk 0:57:20]} 11. O-O {[%clk 1:22:06]} a5 {[%clk 0:56:48]} 12. Nc3
{[%clk 1:22:30]} a4 {[%clk 0:56:46]} 13. Qc2 {[%clk 1:17:05]} d6 {[%clk 0:56:24]}
14. h3 {[%clk 1:13:58]} Qe5 {[%clk 0:38:02]} 15. Nf3 {[%clk 1:13:46]} Bf5
{[%clk 0:33:31]} 16. Qd1 {[%clk 1:10:32]} Qe8 {[%clk 0:31:55]} 17. Nd4
{[%clk 1:10:27]} Be4 {[%clk 0:32:05]} 18. Nxe4 {[%clk 1:10:41]} Nfxe4
{[%clk 0:31:23]} 19. Qc2 {[%clk 1:03:04]} Nxg3 {[%clk 0:30:46]} 20. Rfc1
{[%clk 1:02:25]} Nb3 {[%clk 0:29:43]} 0-1

[Event "Chess Week in Przeworsk"]
[Site "Przeworsk"]
[Date "2022.05.31"]
[Round "2.1"]
[White "Stefansson, Hannes"]
[Black "Teclaf, Pawel"]
[Result "1/2-1/2"]
[BlackElo "2537"]
[WhiteElo "2534"]
[LiveChessVersion "1.4.8"]

1. e4 {[%clk 1:30:53]} c6 {[%clk 1:30:25]} 2. d4 {[%clk 1:30:54]} d5
{[%clk 1:30:51]} 3. Nd2 {[%clk 1:30:07]} dxe4 {[%clk 1:31:03]} 4. Nxe4
{[%clk 1:30:29]} Bf5 {[%clk 1:31:30]} 5. Ng3 {[%clk 1:29:33]} Bg6
{[%clk 1:31:20]} 6. h4 {[%clk 1:28:40]} h6 {[%clk 1:31:34]} 7. Nf3
{[%clk 1:27:33]} e6 {[%clk 1:31:55]} 8. Ne5 {[%clk 1:24:50]} Bh7 {[%clk 1:32:12]}
9. Bd3 {[%clk 1:24:20]} Bxd3 {[%clk 1:32:05]} 10. Qxd3 {[%clk 1:24:44]} Nd7
{[%clk 1:31:14]} 11. Bf4 {[%clk 1:22:01]} Qa5+ {[%clk 1:17:46]} 12. c3
{[%clk 1:22:03]} Ngf6 {[%clk 1:17:33]} 13. O-O {[%clk 1:18:51]} Be7
{[%clk 1:12:45]} 14. Nc4 {[%clk 1:10:17]} Qd5 {[%clk 0:50:04]} 15. Rfe1
{[%clk 1:06:38]} O-O {[%clk 0:48:33]} 16. Ne3 {[%clk 0:49:36]} Qb5
{[%clk 0:48:27]} 17. Qxb5 {[%clk 0:42:46]} cxb5 {[%clk 0:48:41]} 18. Nef5
{[%clk 0:40:44]} Bd8 {[%clk 0:47:47]} 19. Nd6 {[%clk 0:40:20]} Bc7
{[%clk 0:44:32]} 20. Ne2 {[%clk 0:37:42]} Nd5 {[%clk 0:41:56]} 21. Bg3
{[%clk 0:36:28]} Bxd6 {[%clk 0:41:45]} 22. Bxd6 {[%clk 0:36:52]} Rfc8
{[%clk 0:41:54]} 23. Nf4 {[%clk 0:33:45]} Nxf4 {[%clk 0:36:19]} 24. Bxf4
{[%clk 0:34:09]} Nb6 {[%clk 0:36:45]} 25. a3 {[%clk 0:33:21]} Rc6
{[%clk 0:36:17]} 26. Kf1 {[%clk 0:32:10]} Nc4 {[%clk 0:30:08]} 27. Re2
{[%clk 0:31:45]} Rd8 {[%clk 0:30:10]} 28. Ke1 {[%clk 0:31:12]} f6
{[%clk 0:24:45]} 29. a4 {[%clk 0:23:38]} b4 {[%clk 0:22:03]} 30. cxb4
{[%clk 0:23:42]} Rxd4 {[%clk 0:22:02]} 31. b5 {[%clk 0:23:47]} Rc5 1/2-1/2

[Event "Chess Week in Przeworsk"]
[Site "Przeworsk"]
[Date "2022.05.31"]
[Round "2.2"]
[White "Fus, Jakub"]
[Black "Mikrut, Dariusz"]
[Result "1-0"]
[BlackElo "2361"]
[WhiteElo "2378"]
[LiveChessVersion "1.4.8"]

1. d4 {[%clk 1:30:56]} Nf6 {[%clk 1:30:40]} 2. c4 {[%clk 1:31:09]} g6
{[%clk 1:31:02]} 3. Nc3 {[%clk 1:31:21]} Bg7 {[%clk 1:31:26]} 4. e4
{[%clk 1:31:32]} d6 {[%clk 1:31:51]} 5. f3 {[%clk 1:31:52]} O-O {[%clk 1:31:57]}
6. Be3 {[%clk 1:32:14]} Nc6 {[%clk 1:32:19]} 7. Nge2 {[%clk 1:31:41]} a6
{[%clk 1:31:07]} 8. Qd2 {[%clk 1:32:02]} Rb8 {[%clk 1:30:58]} 9. Rc1
{[%clk 1:31:49]} Bd7 {[%clk 1:29:18]} 10. Nd1 {[%clk 1:32:00]} e6
{[%clk 1:22:22]} 11. Nf2 {[%clk 1:29:31]} b5 {[%clk 1:19:06]} 12. b3
{[%clk 1:25:33]} bxc4 {[%clk 1:18:44]} 13. bxc4 {[%clk 1:25:48]} Rb7
{[%clk 1:15:26]} 14. g3 {[%clk 1:16:38]} Qb8 {[%clk 1:15:33]} 15. Bg2
{[%clk 1:16:22]} Rb2 {[%clk 1:15:20]} 16. Rc2 {[%clk 1:14:59]} Rb1+
{[%clk 1:10:34]} 17. Nc1 {[%clk 1:13:54]} e5 {[%clk 1:10:16]} 18. d5
{[%clk 1:14:08]} Nd4 {[%clk 1:10:33]} 19. Bxd4 {[%clk 1:14:29]} exd4
{[%clk 1:10:58]} 20. O-O {[%clk 1:12:24]} Ba4 {[%clk 1:06:28]} 21. Nb3
{[%clk 1:12:33]} Rxf1+ {[%clk 1:05:20]} 22. Bxf1 {[%clk 1:12:57]} Bxb3
{[%clk 1:04:02]} 23. Rb2 {[%clk 1:12:47]} Nd7 {[%clk 1:04:09]} 24. Rxb3
{[%clk 1:10:39]} Qa7 {[%clk 1:03:41]} 25. Nd3 {[%clk 1:09:06]} Rb8
{[%clk 0:59:59]} 26. Qa5 {[%clk 1:03:49]} Rxb3 {[%clk 0:52:15]} 27. axb3
{[%clk 1:04:01]} Qb6 {[%clk 0:52:33]} 28. b4 {[%clk 0:58:19]} Ne5
{[%clk 0:33:55]} 29. Nxe5 {[%clk 0:57:47]} Bxe5 {[%clk 0:33:33]} 30. f4
{[%clk 0:52:34]} Bf6 {[%clk 0:33:52]} 31. Qxb6 {[%clk 0:48:34]} cxb6
{[%clk 0:34:13]} 32. c5 {[%clk 0:48:24]} bxc5 {[%clk 0:18:12]} 33. bxc5
{[%clk 0:48:44]} dxc5 {[%clk 0:18:13]} 34. e5 {[%clk 0:49:06]} Bg7
{[%clk 0:16:45]} 35. d6 {[%clk 0:49:29]} Kf8 {[%clk 0:16:27]} 36. Bxa6
{[%clk 0:49:53]} g5 {[%clk 0:13:48]} 37. Kf2 {[%clk 0:50:05]} gxf4
{[%clk 0:11:21]} 38. gxf4 {[%clk 0:50:31]} Ke8 {[%clk 0:05:33]} 39. Kf3
{[%clk 0:50:43]} Kd8 {[%clk 0:01:44]} 40. Bd3 {[%clk 1:19:56]} h5
{[%clk 0:31:34]} 41. h4 {[%clk 1:18:42]} Bh6 {[%clk 0:31:02]} 42. Ke4
{[%clk 1:19:00]} Kd7 {[%clk 0:30:41]} 43. Bb5+ {[%clk 1:19:24]} Kd8
{[%clk 0:30:46]} 44. Bc4 {[%clk 1:19:49]} Ke8 {[%clk 0:30:55]} 45. Be2
{[%clk 1:20:14]} Kd7 {[%clk 0:31:11]} 46. Bxh5 {[%clk 1:18:35]} f6
{[%clk 0:31:21]} 47. Kd5 {[%clk 1:17:53]} fxe5 {[%clk 0:31:39]} 48. fxe5
{[%clk 1:18:19]} 1-0

[Event "Chess Week in Przeworsk"]
[Site "Przeworsk"]
[Date "2022.05.31"]
[Round "2.3"]
[White "Omelja, Artem"]
[Black "Baum, Jonasz"]
[Result "1/2-1/2"]
[BlackElo "2409"]
[WhiteElo "2515"]
[LiveChessVersion "1.4.8"]

1. d4 {[%clk 1:30:56]} Nf6 {[%clk 1:30:53]} 2. c4 {[%clk 1:31:19]} e6
{[%clk 1:31:18]} 3. Nf3 {[%clk 1:31:40]} d5 {[%clk 1:31:39]} 4. Nc3
{[%clk 1:31:53]} Bb4 {[%clk 1:31:57]} 5. e3 {[%clk 1:31:28]} O-O {[%clk 1:30:58]}
6. Bd3 {[%clk 1:31:35]} dxc4 {[%clk 1:30:47]} 7. Bxc4 {[%clk 1:31:57]} c5
{[%clk 1:31:10]} 8. O-O {[%clk 1:32:16]} Nc6 {[%clk 1:31:26]} 9. a3
{[%clk 1:30:58]} Ba5 {[%clk 1:31:44]} 10. Ba2 {[%clk 1:28:31]} Qe7
{[%clk 1:15:12]} 11. Qe2 {[%clk 1:26:41]} Rd8 {[%clk 1:10:45]} 12. Rd1
{[%clk 1:26:53]} Bc7 {[%clk 1:10:04]} 13. h3 {[%clk 1:24:55]} h6 {[%clk 1:06:08]}
14. Qc4 {[%clk 1:16:52]} b6 {[%clk 0:54:52]} 15. dxc5 {[%clk 1:16:22]} Rxd1+
{[%clk 0:53:29]} 16. Nxd1 {[%clk 1:16:43]} Qxc5 {[%clk 0:39:30]} 17. Qxc5
{[%clk 1:16:45]} bxc5 {[%clk 0:39:58]} 18. Bd2 {[%clk 1:16:47]} Bb7
{[%clk 0:39:04]} 19. Rc1 {[%clk 1:15:22]} Ne4 {[%clk 0:32:25]} 20. Be1
{[%clk 1:14:43]} Rd8 {[%clk 0:32:01]} 21. Bb1 {[%clk 1:13:50]} Ne5
{[%clk 0:30:31]} 22. Nxe5 {[%clk 1:08:45]} Bxe5 {[%clk 0:29:36]} 23. Ba5
{[%clk 0:59:09]} Rd7 {[%clk 0:29:21]} 24. Bc2 {[%clk 0:57:56]} c4
{[%clk 0:27:09]} 25. Ba4 {[%clk 0:54:03]} Rd5 {[%clk 0:26:40]} 26. Bc3
{[%clk 0:48:37]} Bb8 {[%clk 0:20:37]} 27. f3 {[%clk 0:46:44]} Nc5
{[%clk 0:16:09]} 28. Bc2 {[%clk 0:45:39]} Bg3 {[%clk 0:08:48]} 29. Nf2
{[%clk 0:44:50]} Bxf2+ {[%clk 0:06:27]} 30. Kxf2 {[%clk 0:45:10]} Nd3+
{[%clk 0:06:55]} 31. Bxd3 {[%clk 0:44:10]} Rxd3 {[%clk 0:06:43]} 32. Rc2
{[%clk 0:42:12]} Rd7 {[%clk 0:06:56]} 33. e4 {[%clk 0:35:54]} f6 {[%clk 0:06:55]}
34. Ke1 {[%clk 0:32:23]} Kf7 {[%clk 0:07:11]} 35. Bd2 {[%clk 0:32:18]} Ba6
{[%clk 0:07:21]} 36. a4 {[%clk 0:31:44]} e5 {[%clk 0:04:34]} 37. Be3
{[%clk 0:31:54]} Ke6 {[%clk 0:03:12]} 38. h4 {[%clk 0:31:47]} Rc7
{[%clk 0:01:43]} 39. Kd2 {[%clk 0:22:46]} h5 {[%clk 0:01:39]} 40. Rc3
{[%clk 0:47:14]} g6 {[%clk 0:31:28]} 41. b4 {[%clk 0:46:04]} Bc8 {[%clk 0:26:06]}
42. b5 {[%clk 0:44:11]} a6 {[%clk 0:23:48]} 43. b6 {[%clk 0:42:24]} Rc6
{[%clk 0:23:55]} 44. a5 {[%clk 0:41:34]} Bb7 {[%clk 0:23:56]} 45. Kc2
{[%clk 0:39:01]} Rc8 {[%clk 0:23:47]} 46. Kb2 {[%clk 0:39:21]} f5
{[%clk 0:21:27]} 47. exf5+ {[%clk 0:39:39]} gxf5 {[%clk 0:21:09]} 48. Ka3
{[%clk 0:39:06]} f4 {[%clk 0:20:00]} 49. Bc1 {[%clk 0:37:31]} Rc5
{[%clk 0:18:45]} 50. Kb4 {[%clk 0:37:34]} Kd5 {[%clk 0:17:55]} 51. Ra3
{[%clk 0:37:36]} Rb5+ {[%clk 0:17:42]} 52. Kc3 {[%clk 0:37:56]} Bc8
{[%clk 0:14:39]} 53. Ra2 {[%clk 0:35:38]} Rb3+ {[%clk 0:14:15]} 54. Kc2
{[%clk 0:35:54]} Bf5+ {[%clk 0:14:01]} 55. Kd1 {[%clk 0:36:05]} Rb1
{[%clk 0:09:32]} 56. g3 {[%clk 0:31:30]} Kd4 {[%clk 0:07:38]} 57. gxf4
{[%clk 0:29:39]} exf4 {[%clk 0:08:05]} 58. Re2 {[%clk 0:24:22]} c3
{[%clk 0:06:49]} 59. Re8 {[%clk 0:23:35]} Kd3 {[%clk 0:04:16]} 60. Rd8+
{[%clk 0:23:51]} Kc4 {[%clk 0:04:43]} 61. Rf8 {[%clk 0:22:48]} Kd3
{[%clk 0:04:19]} 62. Rd8+ {[%clk 0:22:43]} Kc4 {[%clk 0:04:48]} 63. Rf8
{[%clk 0:22:34]} Kd3 {[%clk 0:03:46]} 1/2-1/2

[Event "Chess Week in Przeworsk"]
[Site "Przeworsk"]
[Date "2022.05.31"]
[Round "2.4"]
[White "Mis, Mieszko"]
[Black "Licznerski, Lukasz"]
[Result "1-0"]
[BlackElo "2439"]
[WhiteElo "2388"]
[LiveChessVersion "1.4.8"]

1. e4 {[%clk 1:30:55]} c6 {[%clk 1:26:04]} 2. Nf3 {[%clk 1:31:12]} d5
{[%clk 1:26:32]} 3. d3 {[%clk 1:31:37]} Bg4 {[%clk 1:23:31]} 4. h3
{[%clk 1:31:57]} Bh5 {[%clk 1:22:17]} 5. Qe2 {[%clk 1:31:05]} e6 {[%clk 1:14:54]}
6. g4 {[%clk 1:30:45]} Bg6 {[%clk 1:14:34]} 7. h4 {[%clk 1:30:59]} h5
{[%clk 1:13:59]} 8. Ne5 {[%clk 1:29:46]} Bh7 {[%clk 1:12:54]} 9. g5
{[%clk 1:30:01]} dxe4 {[%clk 1:05:49]} 10. Nxf7 {[%clk 1:30:06]} Kxf7
{[%clk 1:03:52]} 11. Qxh5+ {[%clk 1:30:32]} g6 {[%clk 0:58:12]} 12. Qg4
{[%clk 1:30:44]} Qa5+ {[%clk 0:40:31]} 13. Nc3 {[%clk 1:20:39]} Bg7
{[%clk 0:31:25]} 14. Bd2 {[%clk 1:12:53]} Qf5 {[%clk 0:28:09]} 15. Qg3
{[%clk 1:08:31]} Qe5 {[%clk 0:26:00]} 16. Bf4 {[%clk 1:07:25]} Qa5
{[%clk 0:26:28]} 17. dxe4 {[%clk 1:07:38]} Ne7 {[%clk 0:23:27]} 18. O-O-O
{[%clk 0:34:07]} Na6 {[%clk 0:15:30]} 19. Bxa6 {[%clk 0:26:10]} Qxa6
{[%clk 0:14:19]} 20. Be5 {[%clk 0:26:12]} Bxe5 {[%clk 0:11:11]} 21. Qxe5
{[%clk 0:26:38]} Rhd8 {[%clk 0:11:31]} 22. f4 {[%clk 0:09:51]} Qb6
{[%clk 0:09:32]} 23. f5 {[%clk 0:09:21]} Qe3+ {[%clk 0:06:16]} 24. Kb1
{[%clk 0:09:49]} exf5 {[%clk 0:03:43]} 25. Qf6+ {[%clk 0:09:45]} Ke8
{[%clk 0:04:12]} 26. Rde1 {[%clk 0:10:07]} Qd4 {[%clk 0:00:47]} 27. exf5
{[%clk 0:10:30]} Qxf6 {[%clk 0:01:15]} 28. gxf6 {[%clk 0:10:55]} Rd7
{[%clk 0:01:42]} 29. fxg6 {[%clk 0:09:18]} Bxg6 {[%clk 0:02:09]} 30. h5
{[%clk 0:09:44]} Bh7 {[%clk 0:01:08]} 31. Rhg1 {[%clk 0:09:41]} Kf7
{[%clk 0:01:05]} 32. Rg7+ {[%clk 0:05:30]} Kxf6 {[%clk 0:01:31]} 33. Rxh7
{[%clk 0:05:59]} Rad8 {[%clk 0:01:46]} 34. Ne4+ {[%clk 0:05:56]} Kf5
{[%clk 0:02:03]} 35. Rf7+ {[%clk 0:06:21]} Ke6 {[%clk 0:02:19]} 36. Ng5+
{[%clk 0:06:47]} Kd6 {[%clk 0:02:38]} 37. Re6+ {[%clk 0:06:17]} Kc5
{[%clk 0:02:51]} 38. b4+ {[%clk 0:06:44]} Kxb4 {[%clk 0:01:50]} 39. Rexe7
{[%clk 0:07:06]} Rxe7 {[%clk 0:02:02]} 40. Rxe7 {[%clk 0:37:34]} Rd5
{[%clk 0:32:31]} 41. Rxb7+ {[%clk 0:37:18]} Ka3 {[%clk 0:32:51]} 1-0